Проблемы эксплоатации. 4 (Запись № 13620628)

Подробности
000 -МАРКЕР
контрольное поле 01377nam2a2200289 4500
001 - ИДЕНТИФИКАТОР ЗАПИСИ
контрольное поле rc\3029199
005 - ИДЕНТИФИКАТОР ВЕРСИИ
контрольное поле 20260315065020.0
035 ## - ДРУГИЕ СИСТЕМНЫЕ НОМЕРА
Идентификатор записи (NLR Aleph) 007170225
100 ## - ДАННЫЕ ОБЩЕЙ ОБРАБОТКИ
Данные общей обработки 20110930d1935 u y0rusy50 ca
101 0# - ЯЗЫК РЕСУРСА
Язык текста, звукозаписи и т.д. русский
102 ## - СТРАНА ПУБЛИКАЦИИ ИЛИ ПРОИЗВОДСТВА
Страна публикации Российская Федерация
105 ## - ПОЛЕ КОДИРОВАННЫХ ДАННЫХ: ТЕКСТОВЫЕ МАТЕРИАЛЫ, МОНОГРАФИЧЕСКИЕ
Кодированные данные о монографическом текстовом документе a z |||||
200 0# - ЗАГЛАВИЕ И СВЕДЕНИЯ ОБ ОТВЕТСТВЕННОСТИ
Основное заглавие 4
Обозначение и номер части 1
Наименование части Положение работ по определению забойных давлений
Первые сведения об ответственности Герольд, С.
Обозначение и номер части 2
Наименование части Эффективность фонтанирующих скважин
Первые сведения об ответственности Мей, С.
210 ## - ПУБЛИКАЦИЯ, РАСПРОСТРАНЕНИЕ И ДР.
Дата издания, распространения и т.д. 1935
215 ## - ФИЗИЧЕСКАЯ ХАРАКТЕРИСТИКА
Специфическое обозначение материала и объем 26 с.
Другие сведения о физической характеристике черт., граф.
225 1# - СЕРИЯ
Основное заглавие серии Иностранная нефтяная техника
Сведения об ответственности Центр. бюро нефтяной техн. информации ВНТС (ЦБНТИ)
Обозначение тома Вып. 286
300 ## - ОБЩИЕ ПРИМЕЧАНИЯ
Текст примечания Настоящий выпуск входит в "Библиотечку технических переводов" по вопросам эксплоатации нефти № 10
320 ## - ПРИМЕЧАНИЯ О НАЛИЧИИ В ДОКУМЕНТЕ БИБЛИОГРАФИИ / УКАЗАТЕЛЯ
Текст примечания Библиогр.: с. 9
461 #0 - УРОВЕНЬ НАБОРА
Встроенное поле 001rc\3029198
-- 2001#$aПроблемы эксплоатации$eIV-$v4
Системный номер (АБИС) связанной записи 7338387
Место публикации Баку
Дата публикации 1935
Имя издателя, распространителя и т.д. ОНТИ, Азнефтеиздат
Сведения, относящиеся к заглавию IV-
Заглавие Проблемы эксплоатации
Номер тома 4
700 #1 - ИМЯ ЛИЦА - ПЕРВИЧНАЯ ОТВЕТСТВЕННОСТЬ
Начальный элемент ввода Герольд
Часть имени, кроме начального элемента ввода С.
701 #1 - ИМЯ ЛИЦА - АЛЬТЕРНАТИВНАЯ ОТВЕТСТВЕННОСТЬ
Начальный элемент ввода Мей
Часть имени, кроме начального элемента ввода С.
801 #0 - ИСТОЧНИК ЗАПИСИ
Страна Российская Федерация
Организация NLR
Правила каталогизации psbo
801 #1 - ИСТОЧНИК ЗАПИСИ
Страна Российская Федерация
Организация ELAR
Источник данных rusmarc
852 ## - МЕСТОНАХОЖДЕНИЕ И ШИФР ХРАНЕНИЯ
Идентификатор организации NLR
Шифр хранения (Call Number) 35-17/387
942 ## - ДОПОЛНИТЕЛЬНЫЕ ЭЛЕМЕНТЫ ЗАПИСИ (АБИС)
Тип экземпляра АБИС Неопределено
980 ## - КОЛЛЕКЦИЯ
Название коллекции Национальная библиография

Нет доступных экземпляров.